| Tag |
First Indicator |
Second Indicator |
Subfields |
| LEADER |
00000cam a2200000 a 4500 |
| 001 |
in00001042921 |
| 005 |
20150928123928.0 |
| 008 |
910531s1991 nyuaf b 001 0beng |
| 010 |
|
|
|a 91020175
|
| 020 |
|
|
|a 0688101992 :
|c $23.00
|
| 035 |
|
|
|a (OCoLC)23974064
|
| 035 |
|
|
|9 AFG7380AM
|
| 040 |
|
|
|a DLC
|c DLC
|d TXA
|d UtOrBLW
|
| 043 |
|
|
|a e-uk---
|
| 049 |
|
|
|a TXAM
|
| 050 |
0 |
0 |
|a DA591.A2
|b H44 1991
|
| 082 |
0 |
0 |
|a 941.05/5/092
|a B
|2 20
|
| 100 |
1 |
|
|a Heald, Tim.
|
| 245 |
1 |
0 |
|a Philip :
|b a portrait of the Duke of Edinburgh /
|c Tim Heald.
|
| 250 |
|
|
|a 1st U.S. ed.
|
| 264 |
|
1 |
|a New York :
|b Morrow,
|c [1991]
|
| 264 |
|
4 |
|c ©1991
|
| 300 |
|
|
|a xiii, 274 pages, 16 unnumbered pages of plates :
|b illustrations ;
|c 25 cm.
|
| 336 |
|
|
|a text
|b txt
|2 rdacontent
|
| 337 |
|
|
|a unmediated
|b n
|2 rdamedia
|
| 338 |
|
|
|a volume
|b nc
|2 rdacarrier
|
| 500 |
|
|
|a "First published in Great Britain in 1991 by Hodder and Stoughton as The Duke: a portrait of Prince Philip"--Title page verso.
|
| 504 |
|
|
|a Includes bibliographical references (pages 256-257) and index.
|
| 600 |
0 |
0 |
|a Philip,
|c Prince, consort of Elizabeth II, Queen of Great Britain,
|d 1921-
|
| 650 |
|
0 |
|a Princes
|z Great Britain
|v Biography.
|
| 999 |
|
|
|a MARS
|
| 999 |
f |
f |
|s 00321b02-c43a-30dc-8d08-69db794ab53b
|i 8b720cbe-1751-300e-bf19-ea9b73922906
|t 0
|
| 952 |
f |
f |
|p ric
|a Texas A&M University
|b Rellis Campus
|c Joint Library Facility
|d Remote Storage
|t 0
|e DA591.A2 H44 1991
|h Library of Congress classification
|i unmediated -- volume
|m A14815379584
|
| 998 |
f |
f |
|a DA591.A2 H44 1991
|t 0
|l Remote Storage
|